000 01658nam0a2200361 4500
001 RU\NLR\bibl\899013
005 20250614175303.0
010 _a5-89502-674-5
_bМПСИ
010 _a5-89395-642-7
_bМОДЭК
_95000
021 _aRU
_b2005-71444
_93519
035 _a(nilc)RSL-KNO-002764469
035 _a(NLR Aleph) 000887463
090 _a1697298
_c1697298
100 _a20051103d2005 |||y0rusy50 ca
101 0 _arus
102 _aRU
105 _ay |||||||||
106 _ar
200 1 _aМетодологические и теоретические основы психологии
_eучебное пособие
_fС.В. Маланов
_gРос. акад. образования, Моск. психол.-соц. ин-т
210 _aМосква
_cИзд-во Московского психолого-социального института
_cМОДЭК
_d2005
_gФГУП ИПФ Воронеж
215 _a333 с.
_d21
320 _aБиблиогр.: с. 319-329
606 1 _aПсихология
_jУчебные издания для высших учебных заведений
_xМетодология
_91615532
_3RU\NLR\auth\661010656
610 0 _aПсихология -- Философские и методологические вопросы психологии -- Учебник для высшей школы
686 _aЮ9в.я73-1
_2rubbk
686 _aЮ9в.я73
700 1 _aМаланов
_bС. В.
_gСергей Владимирович
_4070
801 0 _aRU
_bRuMoRKP
_c20051103
_grcr
801 1 _aRU
_bRuMoRGB
_c20051103
801 2 _aRU
_bNLR
_c20060123
_grcr
942 _cBOOK
980 _aNB